000 01190cam a22003733a 4500
001 0000805
003 DO-SdBPM
005 20250829143246.0
007 ta
008 8611122008 mx a 000 0 spa d
010 _a
020 _a9789705802126
040 _aDO-SdBPM
_cspa
_dBPMSU
_erda
_d
082 4 _a793.7
_bP153r 2008
_222
245 1 0 _aPalabrerías: retahílas, trabalenguas, colmos y otros juegos de palabras /
_ccompilación Eufemia Hernández ; ilustraciones Lilian Maa´Dhoor
260 _b
264 _aMéxico :
_bSantillana ediciones generales,
_c2008.
300 _a45 páginas :
_bilustraciones
_c20 cm.
336 _atexto
_btxt
_2rdacontent
337 _asin mediación
_bn
_2rdamedia
338 _avolumen
_bnc
_2rdacarrier
490 0 _aAlfaguara juvenil;
_aamarilla
521 _aA partir de 6 años.
590 _aInventariado, 2025/VM
650 7 _a Juegos infantiles
650 7 _aAdivinanzas
650 7 _aDiversiones
650 7 _a Juegos literarios
651 _2
700 1 _aHernández, Eufemia
_ecompiladora
700 1 _aMaa´Dhoor, Lilian
_eilustraciones
910 _aVMateo V. Control de calidad. BPMSU
942 _2ddc
_cBK
999 _c11909
_d11909